000 01301nam a2200229Ia 4500
003 Ost
005 20260507075605.0
008 260507s9999||||xx |||||||||||||| ||und||
020 _a9789777332279
040 _cfsecg
041 _aara
082 _a338.9
100 _aمحمود، محمد خير الدين
_eمؤلف
245 0 _aالشمول المالي ودوره في تحقيق التنمية الإقتصادية :
_bنماذج دولية /
_c محمد خير الدين محمود
260 _aالإسكندرية :
_bدار التعليم الجامعي,
_c2019
300 _a225 صفحة؛
_bإيضاحات ؛
_c24 سم
504 _aالمراجع ص.210 فهرس الجداول ص.225
520 _aيهدف هذا الكتاب الى التعرف على الشمول المالي ودوره في تحقيق التنمية الاقتصادية، حيث تحدث من خلال فصوله عن الشمول المالي وخطوات التمكين الاقتصادي ، وعن أدواته الرئيسية، كما قدم نماذج عن الشمول المالي من الدول الاسلامية ، باللاضافة الى تطبيقه في دولة مصر.
653 _aالتنمية الإقتصادية
653 _aالشمول المالي
942 _cكتاب
999 _c45041
_d45041